Bài giảng lịch sử thế giới đại cương
Tài liệu giới thiệu một cách khái quát sự phát triển của lịch sử loài người từ khi xuất hiện xã hội loài người đến nay. Tài liệu trình bày một các thống nhất các đặc điểm kinh tế, chính trị trong từng giai đoạn lịch sử....
Đã lưu trong:
| 主要作者: | |
|---|---|
| 格式: | 圖書 |
| 語言: | Undetermined |
| 出版: |
Cần Thơ
Trường Đại Học Cần Thơ. Khoa Sư Phạm
1999
|
| 主題: | |
| 標簽: |
添加標簽
沒有標簽, 成為第一個標記此記錄!
|
| Thư viện lưu trữ: | Trung tâm Học liệu Trường Đại học Cần Thơ |
|---|
| LEADER | 01080nam a2200205Ia 4500 | ||
|---|---|---|---|
| 001 | CTU_34856 | ||
| 008 | 210402s9999 xx 000 0 und d | ||
| 082 | |a 909 | ||
| 082 | |b H561 | ||
| 100 | |a Cao, Cẩm Hương | ||
| 245 | 0 | |a Bài giảng lịch sử thế giới đại cương | |
| 245 | 0 | |c Cao Cẩm Hương | |
| 260 | |a Cần Thơ | ||
| 260 | |b Trường Đại Học Cần Thơ. Khoa Sư Phạm | ||
| 260 | |c 1999 | ||
| 520 | |a Tài liệu giới thiệu một cách khái quát sự phát triển của lịch sử loài người từ khi xuất hiện xã hội loài người đến nay. Tài liệu trình bày một các thống nhất các đặc điểm kinh tế, chính trị trong từng giai đoạn lịch sử. | ||
| 650 | |a World history,World history,Lịch sử thế giới | ||
| 650 | |x Study and teaching,Dạy và học | ||
| 904 | |i Minh, Huỳnh Mai(Chuyển cutter H561gt thành H561) | ||
| 980 | |a Trung tâm Học liệu Trường Đại học Cần Thơ | ||